书目信息 |
| 题名: |
身体传奇
|
|
| 作者: | 蔷 , 蒋蓝 著 | |
| 分册: | ||
| 出版信息: | 成都 四川人民出版社 2004 |
|
| 页数: | 369页 | |
| 开本: | 24cm | |
| 丛书名: | ||
| 单 册: | ||
| 中图分类: | B83-49 | |
| 科图分类: | ||
| 主题词: | 美学史 , 人体美--美学史--世界 | |
| 电子资源: | ||
| ISBN: | 7-220-06598-1 | |
| 000 | 01292nam0 2200337 450 | |
| 000 | 01255nam0 2200325 450 | |
| 000 | 01253nam0 2200337 450 | |
| 000 | 01199nam0 2200313 450 | |
| 000 | 01195nam0 2200301 450 | |
| 000 | 01158nam0 2200289 45 | |
| 001 | TS2006024473 | |
| 005 | 20061211084715.10 | |
| 010 | @a7-220-06598-1@dCNY40.00 | |
| 100 | @a20060829d2004 em y0chiy0110 ea | |
| 101 | 1 | @achi@ceng |
| 102 | @aCN@b510000 | |
| 105 | @aa z 000yy | |
| 200 | 1 | @a身体传奇@Ashen ti chuan qi@f(加)南希·蔷(Nancy Jiang),蒋蓝著@F( Jia ) Nan Xi· Qiang (Nancy Jiang), Jiang Lan Zhu |
| 210 | @a成都@c四川人民出版社@d2004 | |
| 215 | @a369页@c照片,图@d24cm | |
| 330 | @a本书以文图形式讲述人体的美学史、对“人类追求身体之美”进行“历史回顾”,采用了类似于“断代史”的研究方式,将某一个身体部位作为吸纳过往风尘的托盘,目的是突现某一部位在历史风化当中的变异过程。 | |
| 510 | 1 | @aRomance of the Human Body@zeng |
| 606 | 0 | @a美学史 |
| 606 | 0 | @a人体美@x美学史@y世界 |
| 690 | @aB83-49@v4 | |
| 701 | 0 | @c(加)@a蔷@Aqiang@c(Jiang, Nancy@f1963~)@4著 |
| 701 | 0 | @a蒋蓝@Ajiang lan@f(1965.8~)@4著 |
| 801 | 0 | @aCN@b中图数据@c20061211 |
| 905 | @a10447@dB83-49@e218 | |
| 身体传奇/(加)南希·蔷(Nancy Jiang),蒋蓝著.-成都:四川人民出版社,2004 |
| 369页:照片,图;24cm |
| ISBN 7-220-06598-1:CNY40.00 |
| 本书以文图形式讲述人体的美学史、对“人类追求身体之美”进行“历史回顾”,采用了类似于“断代史”的研究方式,将某一个身体部位作为吸纳过往风尘的托盘,目的是突现某一部位在历史风化当中的变异过程。 |
| ● |
| 相关链接 |
|
|
|
|
正题名:身体传奇
索取号:B83-49/218
 
预约/预借
| 序号 | 登录号 | 条形码 | 馆藏地/架位号 | 状态 | 备注 |
| 1 | 0610392 | 206103928 | 第一样本阅览室/ [索取号:B83-49/218] | 在馆 | |
| 2 | 0610393 | 206103937 | 第一借阅区/ [索取号:B83-49/218] | 在馆 | |
| 3 | 0610394 | 206103946 | 第一借阅区/ [索取号:B83-49/218] | 在馆 |